| 000 | 01226nam a2200229Ia 4500 | ||
|---|---|---|---|
| 001 | L268-21503 | ||
| 003 | IT-CnALBA | ||
| 008 | 170116s9999||||xx |||||||||||||| ||und|| | ||
| 040 |
_aIT-CnALBA _cIT-CnALBA |
||
| 041 | _aITALIANO | ||
| 100 | _aGUIDETTI MARIA L. | ||
| 245 | 0 | _aGUIDA ALLA SPIEGAZIONE DELLA DOTTRINA CRISTIANA CLASSE PRIMA | |
| 250 | _a1a ed. | ||
| 260 |
_aCINISELLO BALSAMO (MI) _bEDIZIONI PAOLINE _c1952 [1° Ed.:1952 - Ed.Ling.Originale: 1952] |
||
| 300 | _a127 p. | ||
| 500 | _aUSO DELLA GUIDA. DIO CREATORE E SIGNORE. PERFEZIONI DI DIO. ATTRIBUTI DI DIO. ANGELO CUSTODE. PARADISO. CREAZIONE DELL'UOMO. PECCATO E CASTIGO. TRINITÀ. PROMESSA DEL REDENTORE. ANNUNZIAZIONE. NASCITA DI GESÙ. VITA PUBBLICA. RIVELAZIONE DI GESÙ. PECCATO. M | ||
| 501 | _aSocietà San Paolo EM - Piazza San Paolo, 14 - 12051 ALBA (CN) (non commercial uses only) ® Copyright 2017 | ||
| 520 | _aUSO DELLA GUIDA. DIO CREATORE E SIGNORE. PERFEZIONI DI DIO. ATTRIBUTI DI DIO. ANGELO CUSTODE. PARADISO. CREAZIONE DELL'UOMO. PECCATO E CASTIGO. TRINITÀ. PROMESSA DEL REDENTORE. ANNUNZIAZIONE. NASCITA DI GESÙ. VITA PUBBLICA. RIVELAZIONE DI GESÙ. PECCATO. M | ||
| 650 | _aCATECHESI | ||
| 942 | _cBK | ||
| 957 | _71 | ||
| 999 |
_a26242 _bNO _g Copie: 1 _c280604 _d280604 |
||